LEADER 01192nam 2200337Ia 450 001 996386325903316 005 20200824132000.0 035 $a(CKB)4940000000077375 035 $a(EEBO)2240954535 035 $a(OCoLC)ocm12442463e 035 $a(OCoLC)12442463 035 $a(EXLCZ)994940000000077375 100 $a19850830d1642 uy | 101 0 $aeng 135 $aurbn||||a|bb| 200 10$aGods free mercy to England$b[electronic resource] $epresented as a pretious and powerfull motive to humiliation : in a sermon preached before the honourable House of Commons at their late solemne fast, Feb. 23, 1641 /$fby Edmvnd Calamy .. 210 $aLondon $cPrinted for Christopher Meredith ...$d1642 215 $a[6], 50 p 300 $aReproduction of original in Thomason Collection, British Library. 330 $aeebo-0158 606 $aFast-day sermons 606 $aSermons, English$y17th century 615 0$aFast-day sermons. 615 0$aSermons, English 700 $aCalamy$b Edmund$f1600-1666.$01002065 801 2$bUMI 801 2$bWaOLN 906 $aBOOK 912 $a996386325903316 996 $aGods free mercy to England$92327300 997 $aUNISA